LEADER 01388cam0-22004811i-450- 001 990000284580403321 005 20071010101536.0 010 $a0-471-05772-X 035 $a000028458 035 $aFED01000028458 035 $a(Aleph)000028458FED01 035 $a000028458 100 $a20020821d1983----km-y0itay50------ba 101 0 $aeng 102 $aUS 105 $aa-------001yy 200 1 $aAbsorption and scattering of light by small particles$fCraig F. Bohren, Donald R. Huffman 210 $aNew York$cWiley$dc1983 215 $axiv, 530 p.$cill.$d24 cm 610 0 $aStato solido 610 0 $aProprietą ottiche delle particelle 610 0 $aAssorbimento della luce 676 $a535 676 $a53O.4 676 $a535.3 700 1$aBohren,$bCraig F.$014898 701 1$aHuffman,$bDonald R.$014899 801 0$aIT$bUNINA$gRICA$2UNIMARC 901 $aBK 912 $a990000284580403321 952 $a04 044-145$bIRC 1532/L$fDINCH 952 $a32-159$b12552$fFI1 952 $a10 B I 400$b859 DEE$fDINEL 952 $a04 044-175$bDIC 2194$fDINCH 952 $a32-159$b12552$fFI1 952 $a04 044-175$bDIC 2194$fDINCH 952 $a04 044-145$bIRC 1532/L$fDINCH 959 $aDINCH 959 $aFI1 959 $aDINEL 962 $a78-XX 996 $aAbsorption and scattering of light by small particles$9119183 997 $aUNINA LEADER 02397nam 2200517 a 450 001 9910796627903321 005 20171204081039.0 010 $a1-4963-5205-X 035 $a(CKB)4100000001947486 035 $a(MiAaPQ)EBC5762690 035 $a(DLC) 2017057392 035 $a(DLC)B000009265 035 $a(DLC)9781496340115 035 $a(EXLCZ)994100000001947486 100 $a20171129d2019 uy 0 101 0 $aeng 135 $aurcnu|||||||| 181 $ctxt$2rdacontent 182 $cc$2rdamedia 183 $acr$2rdacarrier 200 10$aOphthalmology oral board review$b[electronic resource] /$fDamien Matthisen Luviano 205 $a1st ed. 210 $aPhiladelphia $cWolters Kluwer$dc2019 215 $a1 online resource (293 pages) 300 $aIncludes index. 311 $a1-4963-4011-6 330 $a"The book is designed to assist the ophthalmology physician candidate who is preparing for the ophthalmology oral board examination. The Osler Review Course is the most highly-touted method of practicing for the boards, and the style of presentation for this title is the same style that Dr. Luviano uses to teach Mock Oral Examinations at the Osler Review Course. The book provides a wide example of cases in across all sub-topics covered by the oral exams, and presents them in a manner that is concise, intelligent, and appropriate for the case presented. There are 100 cases covering the major subtopics: Optics, Neuro-ophthalmology & Orbit, External Eye and Adnexa, Anterior Segment of the Eye, Posterior Segment of the Eye, and Pediatrics & Strabismus. Each case will be accompanied by at least one image and an audio clip"--Provided by publisher. 606 $aEye Diseases$xdiagnosis 606 $aDiagnostic Techniques, Ophthalmological 606 $aOphthalmology$vExaminations, questions, etc 606 $aEye$xDiseases$vExaminations, questions, etc 608 $aCase Reports 608 $aExamination Questions 615 12$aEye Diseases$xdiagnosis 615 22$aDiagnostic Techniques, Ophthalmological 615 0$aOphthalmology 615 0$aEye$xDiseases 676 $a617.70076 700 $aLuviano$b Damien Matthisen$01549231 801 0$bDNLM/DLC 801 1$bDLC 801 2$bUtOrBLW 906 $aBOOK 912 $a9910796627903321 996 $aOphthalmology oral board review$93807056 997 $aUNINA LEADER 02825nam 2200613 450 001 9910824175603321 005 20230803204647.0 010 $a1-60554-390-X 035 $a(OCoLC)890089863 035 $a(SSID)ssj0001332777 035 $a(PQKBManifestationID)12532227 035 $a(PQKBTitleCode)TC0001332777 035 $a(PQKBWorkID)11377117 035 $a(PQKB)10003844 035 $a(MiAaPQ)EBC1699957 035 $a(Au-PeEL)EBL1699957 035 $a(CaPaEBR)ebr10931129 035 $a(CaONFJC)MIL686333 035 $a(EXLCZ)993710000000228925 100 $a20140925h20142014 uy 0 101 0 $aeng 135 $aurbn#---|nn|n 181 $ctxt 182 $cc 183 $acr 200 10$aDoing the right thing for children $eeight qualities of leadership /$fMaurice Sykes ; with a foreword by Thomas Schultz ; cover design by Jim Handrigan ; interior design by Ryan Scheife 210 1$aSaint Paul, Minnesota :$cRedleaf Press,$d2014. 210 4$d©2014 215 $a1 online resource (148 pages.) 300 $aIncludes index. 311 $a1-60554-296-2 327 $aForeword; Acknowledgements; Introduction; Chapter 1: The Leader''s Core: You Are What You Believe; Chapter 2: Human Potential; Chapter 3: Knowledge; Chapter 4: Social Justice; Chapter 5: Competence; Chapter 6: Fun and Enjoyment; Chapter 7: Personal Renewal; Chapter 8: Perseverance; Chapter 9: Courage; Epilogue: So What''s Your Leadership Story?; Index 330 $a"This book provides a clear framework and a systematic approach to help early childhood professionals become more capable, competent, and effective leaders as they serve young children. It presents eight core leadership values--human potential, knowledge, social justice, competence, fun and enjoyment, personal renewal, perseverance, and courage--and shares stories to inspire and challenge readers as they guide the teachers and directors they work with"--$cProvided by publisher. 606 $aEarly childhood education$zUnited States$xAdministration 606 $aEducational leadership$zUnited States 606 $aEarly childhood teachers$xTraining of$zUnited States 606 $aEarly childhood educators$zUnited States 615 0$aEarly childhood education$xAdministration. 615 0$aEducational leadership 615 0$aEarly childhood teachers$xTraining of 615 0$aEarly childhood educators 676 $a372.210973 686 $aEDU032000$aEDU046000$aEDU034000$2bisacsh 700 $aSykes$b Maurice$01668961 702 $aSchultz$b Thomas 702 $aHandrigan$b Jim 702 $aScheife$b Ryan 801 0$bMiAaPQ 801 1$bMiAaPQ 801 2$bMiAaPQ 906 $aBOOK 912 $a9910824175603321 996 $aDoing the right thing for children$94029927 997 $aUNINA